000 00468nam a2200169Ia 4500
005 20250508155133.0
008 008 250505s9999 xx 000 0 eng d
037 _aTextual
040 _aFEDL
_beng
_cFEDL
041 _aeng
_2eng
084 _a371.426, UNI
_qFEDL
245 0 _aAdministration of vocational education : Rules and regulations
260 _c1966
300 _axvii,102p.
942 _cTEXL
_h371.426, UNI
999 _c1354555
_d1354555